Music Quiz

Random Music or Musical Quiz

Backwards Slot Machine: Musical Artists Quiz Stats

 Plays Quiz Updated Apr 17, 2015

Challenge
Share
Tweet
Score 0/75 Timer 07:00
1 Play Today
% Correct
Simon and Garfunkel
97.2%
Simon and Garfunkel
97.2%
Simon and Garfunkel
97.2%
Jon Bon Jovi
94.9%
Jon Bon Jovi
94.9%
Jon Bon Jovi
94.9%
Sonny and Cher
93.1%
Sonny and Cher
93.1%
Sonny and Cher
93.1%
Mary J Blige
90.9%
Mary J Blige
90.9%
Mary J Blige
90.9%
LL Cool J
90.1%
LL Cool J
90.1%
LL Cool J
90.1%
Nat King Cole
89.6%
Nat King Cole
89.6%
Nat King Cole
89.6%
Carly Rae Jepsen
86.5%
Carly Rae Jepsen
86.5%
Carly Rae Jepsen
86.5%
Cee Lo Green
79.2%
Cee Lo Green
79.2%
Cee Lo Green
79.2%
Sammy Davis Jr
77.1%
Sammy Davis Jr
77.1%
Sammy Davis Jr
77.1%
Jerry Lee Lewis
75.7%
Jerry Lee Lewis
75.7%
Jerry Lee Lewis
75.7%
Plain White T's
75.5%
Plain White T's
75.5%
Plain White T's
75.5%
Ben Folds Five
70.8%
Ben Folds Five
70.8%
Ben Folds Five
70.8%
Foster the People
65.7%
Foster the People
65.7%
% Correct
Foster the People
65.7%
Eagle Eye Cherry
63%
Eagle Eye Cherry
63%
Eagle Eye Cherry
63%
Terence Trent D'Arby
57.7%
Terence Trent D'Arby
57.7%
Terence Trent D'Arby
57.7%
Soulja Boy Tell'em
57.6%
Soulja Boy Tell'em
57.6%
Soulja Boy Tell'em
57.6%
The Kingston Trio
55.2%
The Kingston Trio
55.2%
The Kingston Trio
55.2%
K-Ci and JoJo
52.2%
K-Ci and JoJo
52.2%
K-Ci and JoJo
52.2%
Starland Vocal Band
50.3%
Starland Vocal Band
50.3%
Starland Vocal Band
50.3%
Jelly Roll Morton
44.4%
Jelly Roll Morton
44.4%
Jelly Roll Morton
44.4%
Tennessee Ernie Ford
43.1%
Tennessee Ernie Ford
43.1%
Tennessee Ernie Ford
43.1%
The Band Perry
38.9%
The Band Perry
38.9%
The Band Perry
38.9%
Great Big Sea
38.2%
Great Big Sea
38.2%
Great Big Sea
38.2%
Zager and Evans
33.4%
Zager and Evans
33.4%
Zager and Evans
33.4%
Little Peggy March
25.2%
Little Peggy March
25.2%
Little Peggy March
25.2%

You're not logged in!

Compare scores with friends on all Sporcle quizzes.
OR
Log In

You Might Also Like...

Show Comments

Extras

Top Quizzes Today


Score Distribution

Your Account Isn't Verified!

In order to create a playlist on Sporcle, you need to verify the email address you used during registration. Go to your Sporcle Settings to finish the process.

Report this User

Report this user for behavior that violates our Community Guidelines.

Details: